Top 10 des Pokémon qui ont le plus de formes différentes - Statistiques

Statistiques générales
  • Ce quiz a été pris 36 fois
  • Le résultat moyen est 5 sur 10
Statistiques - réponses
Nombre de formes Pokémon qui ont le plus de formes % Correct
4 294 967 296 Spinda
94%
28 Zarbi
65%
64 Charmilly
52%
20 Prismillon
52%
18 Arceus/Silvallié
48%
6 Motisma/Vrombotor
45%
16 Pikachu
45%
10 Couafarel
29%
8 Meteno
23%
7 Floette
16%
Aucun quiz correspondant
Distribution des résultats
% des personnes avec chaque résultat
Percentile par nombre de réponses
Votre historique - résultats
Vous n’avez pas pris ce quiz